| 000 | 00562nam a2200193 4500 | ||
|---|---|---|---|
| 001 | 107641 | ||
| 003 | ES-MaACL | ||
| 005 | 20230906184448.0 | ||
| 007 | t| | ||
| 008 | 061121q19201929ag r ||||1| spa d | ||
| 100 | 1 |
_aMorelli, L. _983255 |
|
| 245 | 1 | 3 |
_aLa industria lechera / _cL. Morelli; tradución Dr. Pedro J. Girona. |
| 250 | _a3.ª ed. rev. y aum. | ||
| 260 |
_aBuenos Aires : _bEdit.Reunidas, _c[192-?] |
||
| 300 |
_a311 p. + 1 gráf. ; _c19. |
||
| 700 | 1 |
_aGirona, Pedro J. _9216052 |
|
| 852 |
_aES-MaACL _jC-13393 _bR.41409 |
||
| 999 |
_c107641 _d107641 |
||